LEADER 01009nam0-2200349---450- 001 990009677060403321 005 20130218094449.0 010 $a2701133467 035 $a000967706 035 $aFED01000967706 035 $a(Aleph)000967706FED01 035 $a000967706 100 $a20130204d2005----km-y0itay50------ba 101 0 $afre 102 $aFR 105 $ay-------001yy 200 1 $a<>partages d'Argos$esur les pas des Danaïdes$fPierre Sauzeau 210 $aParis$cBelin$d©2005 215 $a395 p.$d21 cm 225 1 $a<>antiquité au present 610 0 $aGrecia antica$aArgo$aMito 610 0 $aLetteratura greca antica$aArgo$aToponomastica 676 $a292.1$v12 rid.$zita 676 $a880.9001$v19 700 1$aSauzeau,$bPierre$0518889 801 0$aIT$bUNINA$gRICA$2UNIMARC 901 $aBK 912 $a990009677060403321 952 $aP2B-370-SAUZEAU P.-2005$bDip.Disc.st. 13419$fFLFBC 959 $aFLFBC 996 $aPartages d'Argos$9839407 997 $aUNINA LEADER 01015nam a2200253 i 4500 001 991003336379707536 005 20020509120401.0 008 990129s1984 it ||| | ita 020 $a8870428613 035 $ab1114614x-39ule_inst 035 $aPARLA179928$9ExL 040 $aDip.to Filosofia$bita 082 0 $a338.9457 100 1 $aCercola, Raffaele$0107408 245 12$aL'intervento esterno nello sviluppo industriale del Mezzogiorno :$banalisi della situazione attuale e delle tendenze recenti /$cRaffaele Cercola 260 $aNapoli :$bGuida,$c1984 300 $a252 p. ;$c23 cm. 651 4$aItalia meridionale - Sviluppo industriale$y1951-1981 907 $a.b1114614x$b21-09-06$c28-06-02 912 $a991003336379707536 945 $aLE005 330 CER01. 01$g1$i2005000042409$lle005$o-$pE0.00$q-$rl$s- $t0$u0$v0$w0$x0$y.i11286775$z28-06-02 996 $aIntervento esterno nello sviluppo industriale del Mezzogiorno$993459 997 $aUNISALENTO 998 $ale005$b01-01-99$cm$da $e-$fita$git $h2$i1